Loading...
The forgotten cities of Delhi /
| Main Author: | |
|---|---|
| Format: | Printed Book |
| Language: | English |
| Published: |
Uttarpradesh :
HarperCollins Publishers,
2018.
|
| Subjects: |
| LEADER | 00551 a2200157 4500 | ||
|---|---|---|---|
| 008 | 181003b xxu||||| |||| 00| 0 eng d | ||
| 999 | |c 24232 |d 24232 | ||
| 020 | |a 9789352777518 | ||
| 082 | |a 954.56 |b SAF | ||
| 100 | |a Safvi, Rana | ||
| 245 | |a The forgotten cities of Delhi / |c Rana Safvi | ||
| 260 | |b HarperCollins Publishers, |a Uttarpradesh : |c 2018. | ||
| 300 | |a 322p. | ||
| 650 | |a History | ||
| 942 | |2 ddc |c BK | ||
| 952 | |0 0 |1 0 |2 ddc |4 0 |6 954_560000000000000_SAF |7 -1 |9 33200 |a MAIN |b MAIN |d 2018-08-02 |e Calicut Books |g 799.00 |o 954.56 SAF |p 32954 |r 2018-08-02 |t 1 |w 2018-08-02 |y BK | ||